| 000 | 01079nab a22002537a 4500 | ||
|---|---|---|---|
| 999 |
_c5504 _d5504 |
||
| 003 | OSt | ||
| 005 | 20251209145959.0 | ||
| 008 | 190502c xxu||||| |||| 00| 0 spa d | ||
| 040 | _cPJ | ||
| 100 |
_96496 _aHorn, Adolfo Francisco |
||
| 245 | 1 | 0 |
_aFemicidio (art. 80, inc. 11, Cód. Penal) / _cAdolfo Francisco Horn. |
| 260 |
_aCiudad Autónoma de Buenos Aires : _bThomson Reuters La Ley, _c2025. |
||
| 300 | _ap. 77-90 | ||
| 500 | _aCita Online: AR/DOC/1839/2025. | ||
| 505 | _aSumario: I. Bien jurídico afectado.— II. Tipo objetivo.— III. Tipo subjetivo.— IV. Cuestionamientos de la constitucionalidad de la figura.— V. Cuestiones probatorias. | ||
| 505 | _t¿Te interesa el texto completo? Solicitalo al correo: koha@justierradelfuego.gov.ar | ||
| 650 | 0 |
_9343 _aDERECHO PENAL |
|
| 650 | 0 |
_93054 _aFEMICIDIO |
|
| 650 | 0 |
_93136 _aDELITOS |
|
| 650 | 0 |
_94597 _aCONSTITUCIONALIDAD |
|
| 650 | 0 |
_91975 _aPRUEBA |
|
| 773 | 0 |
_02729 _93180 _dBuenos Aires : LexisNexis, 2006- _tRevista de derecho penal y procesal penal. Nº 10 - Octubre 2025 _z9875920622 |
|
| 942 |
_2udc _cANA |
||